| 000 | 00420nam a2200181Ia 4500 | ||
|---|---|---|---|
| 999 |
_c92852 _d92852 |
||
| 003 | 0100 | ||
| 005 | 20180301092838.0 | ||
| 008 | 130307s9999 xx 000 0 und d | ||
| 040 | _cARRUPELIB | ||
| 050 | _aDT826.M44 1973 | ||
| 100 |
_aMeiring, Jane _939932 |
||
| 245 | 4 |
_aThe truth in masquerade: _bthe adventures of Francois le Vaillant / |
|
| 260 |
_aCape Town _bJuta _c1973 |
||
| 300 | _a242p. | ||
| 300 | _b23 cm | ||
| 650 |
_aLe Vaillant, Francois _939933 |
||
| 650 |
_aCape of Good Hope (South Africa) _xDescription and travel _939405 |
||
| 942 |
_2lcc _cMONOGRAPH |
||